000 00983nam a22002177a 4500
999 _c62112
_d62112
003 Ge_BSU
005 20240715105512.0
008 240715s2023 ge ||||| |||| 00| 0 geo d
020 _a9789941942242.
041 _ageo
080 _a611(075.8) ხ-46
100 _a ხეცურიანი, რამაზ
_922821
245 _aადამიანის ანატომია:
_b 1 ტომი : სახელმძღვანელო /
_cრამაზ ხეცურიანი; რედ. ა. შუკაკიძე
250 _aმე-4 გამოცემა
264 _aთბილისი:
_bპეტიტი,
_c2023.
300 _a443 გვ.:
_bფერადი ილუსტრაციები,
_c24 სმ.
653 _a ადამიანის ანატომია
653 _aმედიცინა
700 _aშუკაკიძე, ა
_eრედაქტორი
_922822
942 _2udc
_cᲬᲘᲒᲜᲘ